Staples... or Naples? - Statistics

General Stats
  • This quiz has been taken 115 times
    113 since last reset
  • The average score is 9 of 10
Answer Stats
Question Answer % Correct
Is a city in Italy Naples
100%
Has a soccer team Naples
100%
Is a popular destination for tourists Naples
100%
Are / is made out of metal Staples
100%
Is a popular destination for those looking to buy office supplies Staples
100%
Can be used to clip together sheets of paper Staples
100%
Is a town in Florida Naples
80%
Can also mean a common or important food (plural) Staples
80%
Is a town in Minnesota Staples
60%
Is a soap company Naples
40%
No matching quizzes found
Score Distribution
Percent of People with Each Score
Percentile by Number Answered
Your Score History
You have not taken this quiz since the last reset